Statistiques concernant Pays dans les carrés d'une carte du monde vide

Cliquez ici pour prendre le quiz!

Statistiques générales

  • Ce quiz a été pris 285 fois
  • Le résultat moyen est 121 sur 127

Réponses sur la Carte

Les réponses sont colorées sur une échelle allant du rouge au vert en fonction du pourcentage des utilisateurs qui les ont devinées à leur premier essai. Vous pouvez retrouver ces pourcentages ci-dessous.
 

Statistiques - réponses

boîte% Correct
Arabie Saoudite | Émirats Arabes Unis | Oman | Yémen | Inde | Pakistan
100%
Australie | Indonésie | Papouasie-Nouvelle-Guinée
100%
Australie | Indonésie | Timor Oriental
100%
Australie | Vanuatu | France
100%
Chine | Bhoutan | Bangladesh | Inde | Birmanie
100%
Égypte | Soudan | Soudan du Sud | Érythrée | Djibouti | Somalie | Éthiopie | Arabie Saoudite | Yémen
100%
Espagne | Portugal | Maroc | Mauritanie | Algérie | Tunisie | Mali | Libye
100%
États-Unis | Canada
100%
États-Unis | Mexique
100%
Inde | Bangladesh | Birmanie | Thaïlande | Laos | Chine | Viêt Nam | Cambodge
100%
Iran | Turkménistan | Afghanistan | Pakistan | Tadjikistan | Ouzbékistan | Qatar | Arabie Saoudite | Émirats Arabes Unis | Oman | Inde
100%
Irlande | Royaume-Uni | Belgique | Pays-Bas | Allemagne | Danemark | Norvège
100%
Norvège | Suède | Finlande | Russie | Estonie | Lettonie | Lituanie | Biélorussie | Ukraine | Pologne | Danemark | Allemagne
100%
Portugal | Espagne | France | Andorre | Monaco | Royaume-Uni | Italie | Suisse | Liechtenstein | Autriche | Allemagne | Belgique | Pays-Bas | Luxembourg
100%
République Dominicaine | États-Unis | Grenade | Trinité-et-Tobago | Antigua-et-Barbuda | Saint-Christophe- et-Niévès | Saint-Vincent-et-les-Grenadines | Barbade | Venezuela | Pays-Bas | France | Sainte-Lucie | Dominique
100%
Russie | Chine
100%
Russie | Chine | Japon
100%
Russie | Chine | Mongolie
100%
Russie | Chine | Mongolie | Corée du Sud | Corée du Nord
100%
Russie | Kazakhstan | Kirghizistan | Tadjikistan | Ouzbékistan | Afghanistan | Chine | Mongolie
100%
Tadjikistan | Pakistan | Afghanistan | Inde | Chine | Népal | Bangladesh | Bhoutan
100%
Tunisie | Italie | Malte | Grèce | Turquie | Égypte | Libye | Algérie
100%
Algérie | Mali | Mauritanie | Guinée | Burkina Faso | Ghana | Togo | Bénin | Nigeria | Niger
99%
Allemagne | Slovaquie | République Tchèque | Pologne | Ukraine | Moldavie | Roumanie | Bulgarie | Grèce | Turquie | Macédoine du Nord | Italie | Vatican | Saint-Marin | Slovénie | Autriche | Hongrie | Croatie | Bosnie-Herzégovine | Albanie | Monténégro | Kosovo | Serbie
99%
Argentine | Uruguay | Brésil
99%
Australie
99%
Brésil
99%
Brésil | Bolivie | Pérou
99%
Brésil | Paraguay | Argentine | Chili | Bolivie | Pérou
99%
Canada | Danemark
99%
Chili | Argentine | Royaume-Uni
99%
Chine | Taïwan | Corée du Sud | Japon
99%
Colombie | Venezuela | Brésil | Guyana | France | Trinité-et-Tobago | Suriname
99%
Costa Rica | Panama | Colombie | Venezuela | Brésil | Pérou | Équateur | Nicaragua
99%
Cuba | Bahamas | République Dominicaine | Haïti | Jamaïque | Belize | Guatemala | Honduras | Salvador | Nicaragua | Costa Rica | Colombie | Venezuela | Pays-Bas | Mexique
99%
Équateur | Pérou | Brésil | Colombie | Bolivie
99%
Inde | Bangladesh
99%
Inde | Sri Lanka | Maldives
99%
Kenya | Tanzanie | Mozambique | Comores | Madagascar | Malawi | Zambie | France
99%
Libye | Égypte | Soudan | Tchad | Nigeria | Niger | Cameroun | Algérie | République Centrafricaine
99%
Malawi | Mozambique | Madagascar | Zimbabwe | Eswatini | Afrique du Sud
99%
Mexique | Guatemala | Salvador | Belize
99%
Namibie | Angola | Zambie | Zimbabwe | Afrique du Sud | Lesotho | Botswana
99%
Norvège | Suède | Finlande | Russie
99%
Russie
99%
Russie | Finlande | Biélorussie | Ukraine | Kazakhstan
99%
Russie | Kazakhstan
99%
Russie | Kazakhstan | Turkménistan | Tadjikistan | Ouzbékistan | Iran | Kirghizistan | Afghanistan
99%
Russie | Mongolie
99%
Turquie | Syrie | Chypre | Égypte | Israël | Liban | Jordanie | Arabie Saoudite | Koweït | Irak | Iran | Bahreïn | Qatar
99%
Ukraine | Russie | Arménie | Géorgie | Azerbaïdjan | Turquie | Iran | Kazakhstan
99%
Afrique du Sud | Lesotho
98%
Canada
98%
Cap-Vert | Maroc | Mauritanie | Mali | Sénégal | Gambie | Guinée | Guinée-Bissau
98%
États-Unis
98%
États-Unis | Bahamas
98%
Islande | Irlande
98%
Japon
98%
Maurice | France
98%
Mexique
98%
Pérou | Bolivie | Chili | Argentine
98%
Afrique du Sud
97%
Chili | Argentine
97%
Chine | Taïwan | Philippines
97%
Maroc | Mauritanie | Espagne
97%
Soudan | Soudan du Sud | Éthiopie | Kenya | Ouganda | Tanzanie | Somalie | République Démocratique du Congo
97%
Soudan | Soudan du Sud | République Démocratique du Congo | République du Congo | Rwanda | Ouganda | République Centrafricaine | Tchad | Cameroun | Nigeria | Gabon | Guinée Équatoriale | Burundi | Tanzanie
97%
Danemark | Islande
96%
Guinée | Liberia | Côte d'Ivoire | Mali | Burkina Faso | Ghana | Togo | Bénin | Nigeria | Cameroun | Gabon | Sao Tomé-et-Principe | Guinée Équatoriale
96%
Philippines | Brunei | Malaisie | Indonésie
95%
Viêt Nam | Cambodge | Birmanie | Malaisie | Thaïlande | Singapour | Indonésie
95%
Palaos | États Fédérés de Micronésie | Indonésie
94%
République du Congo | République Démocratique du Congo | Burundi | Rwanda | Tanzanie | Angola | Zambie | Zimbabwe | Mozambique | Gabon
94%
Indonésie
92%
Danemark
91%
Portugal
91%
États Fédérés de Micronésie | Nauru | Îles Marshall | Kiribati
85%
Kiribati | Tuvalu | Samoa | Fidji
85%
Nouvelle-Zélande
85%
Papouasie-Nouvelle-Guinée | Îles Salomon | Vanuatu
81%
Guinée | Sierra Leone | Liberia
80%
Seychelles
78%
Fidji | Tonga
77%
Kiribati | Îles Marshall
77%
Somalie
73%
Îles Marshall
69%
Kiribati
67%
Gabon
63%
Équateur
56%

Distribution des résultats

Percentile par nombre de réponses

% des personnes avec chaque résultat

Votre développement - résultats

Vous n’avez pas pris ce quiz